书目信息 |
| 题名: |
准静态电磁场数值分析方法
|
|
| 作者: | 李琳 著 | |
| 分册: | ||
| 出版信息: | 北京 科学出版社 2019.06 |
|
| 页数: | 168页, [4] 页图版 | |
| 开本: | 24cm | |
| 丛书名: | ||
| 单 册: | ||
| 中图分类: | O441.4 | |
| 科图分类: | ||
| 主题词: | 电磁场--dian ci chang--数值分析 | |
| 电子资源: | ||
| ISBN: | 978-7-03-061084-3 | |
| 000 | 00954nam0 2200241 450 | |
| 001 | 202019137864 | |
| 005 | 20191026133321.0 | |
| 010 | @a978-7-03-061084-3@dCNY78.00 | |
| 100 | @a20191023d2019 em y0chiy50 ea | |
| 101 | 0 | @achi |
| 102 | @aCN@b110000 | |
| 105 | @aaf a 000yy | |
| 106 | @ar | |
| 200 | 1 | @a准静态电磁场数值分析方法@Azhun jing tai dian ci chang shu zhi fen xi fang fa@f李琳等著 |
| 210 | @a北京@c科学出版社@d2019.06 | |
| 215 | @a168页, [4] 页图版@c图@d24cm | |
| 320 | @a有书目 | |
| 330 | @a本书首先系统介绍准静态电磁场的理论基础, 第2-5章分别介绍电准静态电场的计算方法, 极性反转瞬态电场和交直流复合电场的计算以及降阶计算方法 ; 第6-7章分别介绍磁准静态场的频域方法-谐波平衡有限元法和时域计算方法-时间周期有限元法。第8章介绍雷电通道近区的准静态电磁场的计算方法。 | |
| 606 | 0 | @a电磁场@Adian ci chang@x数值分析 |
| 690 | @aO441.4@v5 | |
| 701 | 0 | @a李琳@Ali lin@4著 |
| 801 | 0 | @aCN@c20190905 |
| 905 | @a河南城建学院图书馆@dO441.4@eL205 | |
| 准静态电磁场数值分析方法/李琳等著.-北京:科学出版社,2019.06 |
| 168页, [4] 页图版:图;24cm |
| ISBN 978-7-03-061084-3:CNY78.00 |
| 本书首先系统介绍准静态电磁场的理论基础, 第2-5章分别介绍电准静态电场的计算方法, 极性反转瞬态电场和交直流复合电场的计算以及降阶计算方法 ; 第6-7章分别介绍磁准静态场的频域方法-谐波平衡有限元法和时域计算方法-时间周期有限元法。第8章介绍雷电通道近区的准静态电磁场的计算方法。 |
| ● |
| 相关链接 |
|
|
|
正题名:准静态电磁场数值分析方法
索取号:O441.4/L205
 
预约/预借
| 序号 | 登录号 | 条形码 | 馆藏地/架位号 | 状态 | 备注 |
| 1 | 1446848 | 214468486 | 自科库401/401自科库 58排5列5层/ [索取号:O441.4/L205] | 在馆 | |
| 2 | 1446849 | 214468495 | 自科库401/401自科库 58排5列5层/ [索取号:O441.4/L205] | 在馆 |